Bazówki - KGD - Statystyki

Ogólne statystyki
  • Ten quiz został rozwiązany 240 razy
  • Średni wynik to 51 z 56
Statystyki odpowiedzi
Odpowiedź % Poprawnych
m. flexor carpi ulnaris
99%
m. biceps brachii
97%
m. deltoideus
97%
m. flexor carpi radialis
97%
m. quadriceps femoris
97%
m. triceps brachii
97%
n. radialis
97%
a. radialis
96%
a. ulnaris
96%
m. flexor digitorum prof.
96%
m. flexor digitorum spf.
96%
m. gluteus maximus
96%
m. gluteus medius
96%
m. gluteus minimus
96%
m. infraspinatus
96%
m. latissimus dorsi
96%
m. serratus ant.
96%
m. supraspinatus
96%
n. ulnaris
96%
v. basilica
96%
v. cephalica
96%
m. subscapularis
94%
n. ischiadicus
94%
n. medianus
94%
n. musculocutaneus
94%
a. axillaris
93%
a. brachialis
93%
m. sartorius
93%
m. trapezius
93%
a. femoralis
91%
m. brachioradialis
91%
m. psoas maior
91%
v. femoralis
91%
a. tibialis post
90%
m. extensor digitorum
90%
m. iliacus
90%
a. tibialis ant
89%
m. erector spinae
89%
m. tibialis ant
89%
n. femoralis
89%
n. fibularis communis
89%
hypothenar
87%
m. soleus
87%
n. tibialis
87%
thenar
87%
unguis
87%
m. gastrocnemius
86%
a. poplitea
84%
tractus iliotibialis
84%
v. poplitea
84%
m. adductor magnus
81%
tendo calcaneus
81%
v. saphena magna
81%
lig. patellae
80%
lig. cruciatum ant.
79%
lig. cruciatum post
79%
Nie znaleziono quizów pasujących do podanych kryteriów
Rozkład punktacji
Procent ludzi z każdym wynikiem
Percentyl według liczby udzielonych odpowiedzi
Twoja historia wyników
Nie rozwiązałeś tego quizu